Lyrics to Katy Perry's "Last Friday Night" - Statistics

General Stats
  • This quiz has been taken 2,946 times
    1,482 since last reset
  • The average score is 276 of 416
Answer Stats
Lyrics % Correct
I
98%
Friday
97%
last
97%
Last
97%
night
97%
night,
97%
night.
97%
a
96%
á
96%
à
96%
the
94%
we
94%
in
90%
on
88%
all
84%
it
83%
my
82%
to
79%
But
78%
but
78%
bed,
77%
There's
77%
there's
77%
head
75%
Oh
75%
Oh,
75%
oh,
75%
oh
75%
oh.
75%
out
75%
stranger
75%
for
73%
of
73%
bar
72%
bar,
72%
yeah,
72%
Think
71%
think
71%
I'm
70%
pool
70%
do
69%
kissed,
69%
kissed
69%
room
69%
up
69%
well,
69%
an
68%
danced
68%
This
68%
forgot
67%
Pictures
67%
too
67%
again
66%
again.
66%
again!
66%
over
66%
shots
66%
many
65%
yard
63%
online
62%
pretty
62%
sure
62%
And
61%
Glitter
61%
screwed
61%
ended
60%
flamingos
60%
it's
60%
Pink
60%
took
60%
passed
59%
tabletops
59%
minibar
58%
or
58%
bruise?
57%
like
57%
pounding
57%
Damn
55%
got
55%
smell
54%
DJ's
53%
blur
52%
ruled
51%
blacked
50%
Barbie's
48%
barbecue
47%
we're
47%
is
42%
Skinny
42%
car
41%
dipping
41%
kicked
41%
broke
38%
dark
38%
So
38%
so
38%
hit
37%
law
37%
park
35%
Then
35%
boulevard
34%
stop
32%
went
32%
credit
31%
had
31%
party
31%
cards
30%
gonna
30%
That
30%
our
29%
T.G.I.F
29%
say
28%
ménage
27%
trois
27%
trois.
27%
Always
25%
maxed
25%
Don't
24%
streaking
24%
was
24%
what
23%
know
22%
boss
21%
dress
20%
epic
20%
fail
20%
tell
20%
floor
19%
arrest
18%
such
18%
ale
17%
ginger
17%
hickie
17%
connect
16%
dots
16%
need
16%
Trying
16%
city
15%
favorite
15%
Warrant's
14%
Chandelier
13%
Ripped
11%
towed
10%
whoa,
3%
No matching quizzes found
Score Distribution
Percent of People with Each Score
Percentile by Number Answered
Your Score History
You have not taken this quiz since the last reset